000 00843cam a2200241 a 4500
001 2944302
005 20250726143043.0
008 900611s1990 miu di 000 0 eng
020 _a0310436907
_qalk. paper
020 _a9780310436904
_q(alk. paper)
050 0 0 _aBS425
_b.G62 1990
082 0 0 _a220.5/208
_220
100 1 _aGoodrick, Edward W.,
_d1913-
245 1 4 _aThe NIV exhaustive concordance /
_cEdward W. Goodrick, John R. Kohlenberger III.
260 _aGrand Rapids, Mich. :
_bZondervan Pub. House,
_cc1990.
300 _axx, 1853 p. ;
_c29 cm.
500 _a"A Regency Reference Library book."
650 0 _aHebrew language
_xDictionaries
_xEnglish.
650 0 _aAramaic language
_xDictionaries
_xEnglish.
650 0 _aGreek language, Biblical
_xDictionaries
_xEnglish.
700 1 _aKohlenberger, John R.
942 _2lcc
_cBK
_n0
999 _c7190
_d7190